Loading...

Corporate reputation : managing the new strategic asset /

Bibliographic Details
Main Author: Smythe, John
Other Authors: Dorward, Colette, Reback, Jerome
Format: Printed Book
Language:English
Published: London : Century Business, 1992.
LEADER 00593nam a22001697a 4500
008 170124b xxu||||| |||| 00| 0 eng d
999 |c 162107  |d 162107 
020 |a 978071265095 
082 |a 659.2  
100 |a Smythe, John 
245 |a Corporate reputation :   |b managing the new strategic asset /  |c John Smythe et. al. 
260 |b Century Business,  |c 1992.  |a London : 
300 |a 180 p. 
700 |a Dorward, Colette 
700 |a Reback, Jerome 
942 |c BK 
952 |0 0  |1 0  |4 0  |6 659_200000000000000_SMY_C  |7 0  |9 177899  |a CMS  |b CMS  |c ST1  |d 2017-01-24  |i 5945  |l 0  |o 659.2 SMY/C  |p CMS5945  |r 2017-01-24  |w 2017-01-24  |y BK